LEADER 01086nam a2200253 i 4500 001 000000098763 003 CaOOAMICUS 005 20210524163922.0 008 131217s1978 it u000 u ita u 013 $a70915 040 $aSeMil$bita 245 03$a2: Dal Concilio di Trento ai nostri giorni. 264 1$aMilano :$bJaca Book,$c1978. 300 $a720 p. ;$c24 cm 490 1 $aGią e non ancora ;$v38 700 1 $aPenco, Gregorio,$c.$0(OLS)http://semarc/name/3373 773 0 $aPenco, Gregorio $tStoria della Chiesa in Italia.$dMilano : Jaca Book, 1978.$w()29264 830 0$aGią e non ancora ;$v38.$0(OLS)http://semarc/title/5902 850 $aSeMil 852 $aSeMil$W1$xVenegono$y1$mSL1.F V 16$j56495$B56495$CSeMilBibl$Z2$F66274 $8I 852 $aSeMil$W1$xVenegono$y1$m3A IV 131$j226480$B237265$CSeMilBibl$Z2$F237265 $81 996 $6245$a2: Dal Concilio di Trento ai nostri giorni$9(OLS)http://semarc/title/146545 996 $6264$aMilano :$bJaca Book$9(OLS)http://semarc/publisher/29781 LEADER 01495nam a2200289 4500 001 000000353032 003 CaOOAMICUS 005 20230307091753.0 008 230306s1995 it 000 u ita r 020 $a88-399-2018-8 040 $aSeMil$bita 100 1 $aKnoch, Otto,$d<1926- >.$0(OLS)http://semarc/name/18155 240 14$aDas Neue Testament in seinen grossen Gestalten.$0(OLS)http://semarc/title/443012 245 13$aLe grandi figure del Nuovo Testamento :$b41 storie di fede e di vita con spiegazione dei concetti pił importanti del Nuovo Testamento /$cOtto Knoch ; [Ed. italiana a cura di Gastone Boscolo]. 264 1$aBrescia :$bQueriniana,$c1995. 300 $a154 p. ;$c23 cm 490 1 $aBiblioteca biblica ;$v18 650 4$aBibbia. Nuovo Testamento - Introduzioni.$0(OLS)http://semarc/subject/1733 700 1 $aBoscolo, Gastone.$0(OLS)http://semarc/name/313 830 0$aBiblioteca biblica ;$v18.$0(OLS)http://semarc/title/583 850 $aSeMil 852 $aSeMil$W1$xVenegono$y1$m2YA X 18$j263406$B244258$CSeMilBibl$Z2$F244258 $81 961 $aMartinenghi don Pietro - Lascito 996 $6020$a88-399-2018-8$9(OLS)http://semarc/number/297723 996 $6245$aLe grandi figure del Nuovo Testamento :$b41 storie di fede e di vita con spiegazione dei concetti pił importanti del Nuovo Testamento$9(OLS)http://semarc/title/443013 996 $6264$aBrescia :$bQueriniana$9(OLS)http://semarc/publisher/29615